SUICIDIOS Y SUICIDAS: EN LA SOCIEDAD MEXICANA/

INCLUYE BIBLIOGRAFIA

-д хадгалсан:
Номзүйн дэлгэрэнгүй
Үндсэн зохиолч: Rodríguez-Sala, María Luisa (autor)
Формат: Ном
Нөхцлүүд:
Шошгууд: Шошго нэмэх
Шошго байхгүй, Энэхүү баримтыг шошголох эхний хүн болох!

MARC

LEADER 00000nam^a2200000^a^4500
001 000224465
005 20250521000000.0
009 20260310104051.979
035 |a 043302 
037 |a Acervo Xavier Clavigero 
082 |a 364. 15220972  |b ROD 
100 |a Rodríguez-Sala, María Luisa  |e (autor) 
245 1 0 |a SUICIDIOS Y SUICIDAS:  |b EN LA SOCIEDAD MEXICANA/  |c MARIA LUISA RODRIGUEZ-SALA DE GOMEZGIL 
264 |a MEXICO :  |b INSTITUTO DE INVESTIGACIONES SOCIALES,  |c 1974 
300 |a 148p. :  |b tbs. 
336 |a texto  |b txt  |2 rdacontenido 
337 |a sin mediación  |b n  |2 rdamedio 
338 |a volumen  |b nc  |2 rdasoporte 
520 |a INCLUYE BIBLIOGRAFIA 
649 |a XX 
650 |a SUICIDIO -  |x MEXICO 
910 |a Fondo General 
920 |a Impresos - Libros 
930 |a Colección General 
905 |a 101 
901 |a 043302  |b IT1  |c ACC  |i 043302  |u 20250521 
902 |a https://opac.biblio.iteso.mx/vufind/Record/000224465